| 000 | 00536nam a2200181 a 4500 | ||
|---|---|---|---|
| 005 | 20140310183319.0 | ||
| 008 | 060224s19uu xx 00 eng d | ||
| 020 | _a06715256622 | ||
| 050 |
_aPZ 7 _b.H892 1996 |
||
| 100 | _aHugh, Dafydd Ab. | ||
| 245 |
_aDoom : _bendgame / _ca novel by Dafydd ab Hugh and Brad Linaweaver, based on Doom, from id Software. |
||
| 260 |
_aNew York : _bid Software Inc, _c1996. |
||
| 300 |
_a250 p. : _c18 cm. |
||
| 650 | _aFiction. | ||
| 700 | _aLinaweaver, Brad | ||
| 942 |
_cBK _2lcc |
||
| 999 |
_c21360 _d21360 |
||